[Event "8. Griesheimer Schachtage 2012"]
[Site "Griesheim"]
[Date "2012.05.19"]
[Round "2.22"]
[White "Rimpler, Rafael"]
[Black "Jung, Bernd"]
[Result "0-1"]
[WhiteElo "1581"]
[BlackElo "1825"]
[PlyCount "110"]

1. e4 d5 2. exd5 Qxd5 3. Nc3 Qa5 4. d4 c6 5. Nf3 Nf6 6. Bd3 Bg4 7. O-O e6 8.
Ne4 Qc7 9. Nxf6+ gxf6 10. Re1 Bd6 11. h3 Bh5 12. c3 Nd7 13. b4 O-O-O 14. Be2
Rhg8 15. Qa4 Kb8 16. b5 Nb6 17. Qb3 c5 18. a4 c4 19. Qc2 Rg6 20. Nh4 Bxe2 21.
Rxe2 Rgg8 22. Ba3 Nd5 23. Bxd6 Qxd6 24. Rc1 Nf4 25. Re3 Qd5 26. Rg3 Qh5 27. Nf3
Nxh3+ 28. gxh3 Rxg3+ 29. fxg3 Qxf3 30. Qf2 Qd3 31. Kh2 Rg8 32. Rg1 f5 33. Qf4+
Kc8 34. Qd6 Qxc3 35. Qe7 Qxd4 36. Qxf7 Rg6 37. Qxh7 Qf6 38. Qh5 Qg7 39. Qe2 Qc7
40. Qc2 c3 41. Rg2 Rg7 42. h4 f4 43. Qe4 fxg3+ 44. Kh3 Qd7 45. Rxg3 Rxg3+ 46.
Kxg3 Qd5 47. Qg6 Qe5+ 48. Kg2 Qe2+ 49. Kg3 c2 50. Qe8+ Kc7 51. Qe7+ Kb6 52.
Qd8+ Kc5 53. Qc7+ Kb4 54. Qd6+ Kxa4 55. Qd4+ Kb3 0-1

[Event "8. Griesheimer Schachtage 2012"]
[Site "Griesheim"]
[Date "2012.05.19"]
[Round "2.23"]
[White "Berkes, Alexander"]
[Black "Puzzo, Peter"]
[Result "1/2-1/2"]
[WhiteElo "1816"]
[BlackElo "1650"]
[PlyCount "79"]

1. e4 e6 2. d4 d5 3. exd5 exd5 4. Bd3 Bd6 5. Nf3 Ne7 6. Bg5 f6 7. Bh4 Nbc6 8.
Nbd2 Bf5 9. Nb3 O-O 10. O-O b6 11. Qd2 a5 12. Qe2 Bxd3 13. Qxd3 Qd7 14. Bg3 Nf5
15. Bxd6 Nxd6 16. c3 Rae8 17. Rfe1 Nd8 18. Rxe8 Rxe8 19. Re1 Ne6 20. Nbd2 Nf4
21. Qc2 Rxe1+ 22. Nxe1 Qg4 23. Nf1 Ne2+ 24. Kh1 Nf4 25. Ne3 Qe6 26. Nd3 Nxd3
27. Qxd3 Ne4 28. Kg1 g6 29. Qb5 c5 30. dxc5 Nxc5 31. b4 axb4 32. cxb4 d4 33.
bxc5 dxe3 34. Qe2 Qe4 35. cxb6 Qb1+ 36. Qf1 exf2+ 37. Kxf2 Qxb6+ 38. Kf3 Qc6+
39. Kg3 Qd6+ 40. Qf4 1/2-1/2

[Event "8. Griesheimer Schachtage 2012"]
[Site "Griesheim"]
[Date "2012.05.19"]
[Round "2.24"]
[White "Fuchs, Andreas"]
[Black "Schellen, Sven"]
[Result "0-1"]
[WhiteElo "1558"]
[BlackElo "1795"]
[PlyCount "88"]

1. d4 Nf6 2. c4 c5 3. d5 e6 4. Nc3 exd5 5. cxd5 d6 6. e4 g6 7. h3 Bg7 8. Bg5 a6
9. a4 Qc7 10. Bd3 O-O 11. Qd2 Re8 12. Bxf6 Bxf6 13. f4 Bh4+ 14. Kd1 Nd7 15. Nf3
Bf6 16. Re1 c4 17. Bc2 Qb6 18. Rb1 Nc5 19. e5 Bg7 20. g4 Qc7 21. f5 dxe5 22. d6
Qc6 23. Qd5 Bd7 24. fxg6 hxg6 25. Ng5 Qxd5+ 26. Nxd5 Rad8 27. Ne7+ Rxe7 28.
dxe7 Re8 29. b3 Bc6 30. bxc4 Rxe7 31. Ne4 Ne6 32. g5 Rd7+ 33. Kc1 Rd4 34. Nf6+
Kf8 35. Rxe5 Nxg5 36. Rxg5 Bh6 37. h4 Rxh4 38. Kb2 Bxg5 39. Nd5 Rxc4 40. Nc3
Bf6 41. Bb3 Rxc3 42. Ka2 Be4 43. Rf1 Kg7 44. Kb2 Rf3+ 0-1

[Event "8. Griesheimer Schachtage 2012"]
[Site "Griesheim"]
[Date "2012.05.19"]
[Round "2.25"]
[White "Ruell, Michael"]
[Black "Urbach, Jens"]
[Result "1-0"]
[WhiteElo "1784"]
[BlackElo "1565"]
[PlyCount "49"]

1. e4 e5 2. Nf3 Nf6 3. Nxe5 d6 4. Nf3 Nxe4 5. Bc4 d5 6. Bb3 Be7 7. O-O O-O 8.
Re1 Nc5 9. Bxd5 c6 10. Bb3 a5 11. Qe2 Nxb3 12. axb3 Re8 13. d4 Bg4 14. Nc3 Bxf3
15. Qxf3 Qxd4 16. Bg5 f6 17. Rad1 Qb6 18. Qe4 fxg5 19. Qe6+ Kh8 20. Nd5 Qd8 21.
Nxe7 Qxd1 22. Rxd1 Na6 23. Rd3 Nc5 24. Ng6+ hxg6 25. Rh3# 1-0

[Event "8. Griesheimer Schachtage 2012"]
[Site "Griesheim"]
[Date "2012.05.19"]
[Round "2.26"]
[White "Grote, Steffi"]
[Black "Lopez-Fuertes, Victor"]
[Result "1/2-1/2"]
[WhiteElo "1551"]
[BlackElo "1778"]
[PlyCount "83"]

1. c4 e5 2. Nc3 Nf6 3. g3 d5 4. cxd5 Nxd5 5. Bg2 Be6 6. Nf3 Nc6 7. O-O Be7 8.
a3 O-O 9. Qc2 Rc8 10. Rd1 Nd4 11. Nxd4 exd4 12. Ne4 b6 13. b4 f5 14. Bb2 fxe4
15. Qxe4 Nf6 16. Qxe6+ Kh8 17. Rac1 Bd6 18. Bxd4 Bxg3 19. hxg3 Qxd4 20. e3 Qb2
21. Rc3 Rcd8 22. Qe7 c5 23. bxc5 bxc5 24. Qxc5 Qb8 25. Qc7 Qb2 26. Qxa7 Rxd2
27. Rxd2 Qxd2 28. Qc5 Nd7 29. Qc7 Qxf2+ 30. Kh2 Qf5 31. Qf4 Qe5 32. Qb4 Qh5+
33. Qh4 Qf5 34. e4 Qe5 35. Rf3 Rb8 36. Qg4 Nf6 37. Qf5 Qb2 38. e5 Qxe5 39. Qxe5
Ng4+ 40. Kh3 Nxe5 41. Re3 Nc4 42. Rc3 1/2-1/2

[Event "8. Griesheimer Schachtage 2012"]
[Site "Griesheim"]
[Date "2012.05.19"]
[Round "2.27"]
[White "Berkes, Joerg"]
[Black "Bejan, Viorel"]
[Result "1-0"]
[WhiteElo "1777"]
[BlackElo "1555"]
[PlyCount "87"]

1. e4 d5 2. exd5 Qxd5 3. Nf3 Bg4 4. Be2 Nf6 5. h3 Bh5 6. c4 Qa5 7. Nc3 e6 8.
Qb3 Qb6 9. Qxb6 axb6 10. Nb5 Na6 11. a3 Be7 12. g4 Bg6 13. d3 Rd8 14. Ne5 Nd7
15. Nxg6 hxg6 16. Be3 Bf6 17. O-O-O Ndc5 18. d4 Nb3+ 19. Kc2 Na5 20. b4 Nc6 21.
g5 Be7 22. Nc3 Nab8 23. d5 Ne5 24. f4 Ned7 25. dxe6 fxe6 26. Nb5 Rc8 27. Bg4
Kf7 28. Nd4 Nf8 29. Nf3 Nc6 30. Nd4 Nxd4+ 31. Bxd4 c5 32. bxc5 bxc5 33. Be5 Nh7
34. Rd7 Rhd8 35. Rhd1 Nf8 36. Rxb7 Rxd1 37. Kxd1 Rd8+ 38. Kc2 Nd7 39. Bc3 Bf8
40. a4 Ke7 41. Bf3 Kd6 42. a5 e5 43. fxe5+ Nxe5 44. Rb6+ 1-0

[Event "8. Griesheimer Schachtage 2012"]
[Site "Griesheim"]
[Date "2012.05.19"]
[Round "2.28"]
[White "Breining, Anton"]
[Black "Pabel, Ralph"]
[Result "0-1"]
[WhiteElo "1487"]
[BlackElo "1776"]
[PlyCount "68"]

1. e4 g6 2. Nc3 Bg7 3. g3 d6 4. Bg2 e5 5. Nf3 Nc6 6. d3 Bg4 7. Be3 Nge7 8. Qd2
Nd4 9. Bxd4 exd4 10. Ne2 c5 11. O-O O-O 12. b3 Qd7 13. Nf4 Rae8 14. Ne1 Qc8 15.
f3 Bd7 16. Qf2 Bh6 17. Qd2 f5 18. Qd1 Rf7 19. Ne2 Be3+ 20. Kh1 fxe4 21. dxe4
Bh3 22. Ng1 Bd7 23. a4 Nc6 24. Nd3 Ref8 25. f4 Bg4 26. Bf3 Bd7 27. Nf2 Nb4 28.
Ng4 Re7 29. Nf2 Bc6 30. Bg4 Qc7 31. Bf3 Bxf2 32. Rxf2 Bxe4 33. Qd2 Rfe8 34. Bg2
Qc6 0-1

[Event "8. Griesheimer Schachtage 2012"]
[Site "Griesheim"]
[Date "2012.05.19"]
[Round "2.29"]
[White "Dshurova, Petra"]
[Black "Hamar, Dirk"]
[Result "1/2-1/2"]
[WhiteElo "1774"]
[BlackElo "1541"]
[PlyCount "34"]

1. c4 Nf6 2. d4 d5 3. c5 Bf5 4. Bf4 c6 5. Nc3 b6 6. b4 bxc5 7. bxc5 Nh5 8. Qd2
Nxf4 9. Qxf4 Qa5 10. Rc1 g6 11. Nf3 Bg7 12. e3 Qa3 13. e4 dxe4 14. Ng5 Bh6 15.
Bc4 Rf8 16. O-O Na6 17. Ncxe4 f6 1/2-1/2

[Event "8. Griesheimer Schachtage 2012"]
[Site "Griesheim"]
[Date "2012.05.19"]
[Round "2.30"]
[White "Kuenitz, Klaus"]
[Black "Felde, Philipp"]
[Result "1-0"]
[WhiteElo "1710"]
[BlackElo "1423"]
[PlyCount "87"]

1. d4 d5 2. c4 c6 3. Nf3 e6 4. cxd5 exd5 5. Bg5 Be7 6. Bxe7 Qxe7 7. e3 Nf6 8.
Nc3 O-O 9. Be2 Nbd7 10. O-O Ne4 11. Rc1 Ndf6 12. a3 a5 13. Na4 Nd7 14. Nd2 f5
15. Nb3 f4 16. exf4 Rxf4 17. f3 Ng5 18. Qd2 Ne6 19. Rfe1 Qf6 20. Rcd1 b5 21.
Nc3 a4 22. g3 Rf5 23. Na1 Nb6 24. f4 Nc4 25. Bxc4 bxc4 26. Nc2 Qg6 27. Kh1 Rh5
28. Qf2 Bd7 29. Ne3 Nc7 30. Re2 Ne8 31. Rde1 Nf6 32. h4 c5 33. Nc2 Ne4 34. Nxe4
dxe4 35. Kh2 Rd8 36. dxc5 Qg4 37. Qg2 Rxc5 38. Ne3 Qg6 39. Rc2 Re8 40. Rd1 Qe6
41. Rcd2 Rc7 42. Rd6 Qe7 43. Qd2 Bb5 44. Qd5+ 1-0

[Event "8. Griesheimer Schachtage 2012"]
[Site "Griesheim"]
[Date "2012.05.19"]
[Round "2.31"]
[White "Karsay, Pascal"]
[Black "Muehlbach, Christian"]
[Result "1/2-1/2"]
[WhiteElo "1412"]
[BlackElo "1709"]
[PlyCount "59"]

1. d4 f5 2. c4 Nf6 3. Nc3 d6 4. Nf3 Nbd7 5. Bf4 g6 6. e3 Bg7 7. Bd3 O-O 8. Ng5
Nb6 9. Qb3 c5 10. Bg3 Re8 11. f4 Bd7 12. Nf3 a5 13. O-O Nh5 14. Bf2 a4 15. Qd1
cxd4 16. Nxd4 Bxd4 17. exd4 Nxf4 18. c5 Nxd3 19. Qxd3 Nc8 20. Bg3 Qa5 21. Qc4+
Kg7 22. Rfe1 dxc5 23. Be5+ Kf8 24. dxc5 e6 25. Qd4 Bc6 26. Bg7+ Kg8 27. Bh6 Qc7
28. Re5 Na7 29. Rae1 Rad8 30. Qc4 1/2-1/2

[Event "8. Griesheimer Schachtage 2012"]
[Site "Griesheim"]
[Date "2012.05.19"]
[Round "2.32"]
[White "Richter, Tony"]
[Black "Morgenroth, Fabian"]
[Result "1-0"]
[WhiteElo "1703"]
[BlackElo "1242"]
[PlyCount "63"]

1. Nf3 d5 2. d4 c5 3. dxc5 Nc6 4. c4 d4 5. e3 Bg4 6. Qa4 Bxf3 7. gxf3 e6 8. b4
Nf6 9. Bb2 dxe3 10. fxe3 Be7 11. Rg1 Rg8 12. Nc3 a5 13. b5 Ne5 14. Be2 Bxc5 15.
Rd1 Qb6 16. Ne4 Nxe4 17. fxe4 Bxe3 18. Rg3 Bf2+ 19. Kf1 Bxg3 20. hxg3 Nd7 21.
Bd4 Qd6 22. c5 Nxc5 23. Bxc5 Qxc5 24. b6+ Kf8 25. Rd7 Qxb6 26. Bb5 g6 27. Qa3+
Kg7 28. Qc3+ Kh6 29. a4 Rac8 30. Qd2+ g5 31. Rxf7 Rgf8 32. Qh2+ 1-0

[Event "8. Griesheimer Schachtage 2012"]
[Site "Griesheim"]
[Date "2012.05.19"]
[Round "2.33"]
[White "Winter, Thomas"]
[Black "Lindemann, Antje"]
[Result "0-1"]
[WhiteElo "1066"]
[BlackElo "1672"]
[PlyCount "104"]

1. e4 e5 2. Nf3 Nc6 3. Bb5 a6 4. Ba4 Bc5 5. O-O d6 6. h3 Nf6 7. Re1 O-O 8. c3
Ba7 9. d4 b5 10. Bb3 h6 11. dxe5 Nxe5 12. Nbd2 Bb7 13. Nxe5 dxe5 14. Qf3 Qe7
15. Qg3 Kh8 16. Bc2 Nh5 17. Qg4 Nf4 18. b4 Bc8 19. Qg3 Nh5 20. Qh2 Qh4 21. Kh1
Qxf2 22. Qg1 Qxg1+ 23. Rxg1 Bxg1 24. Kxg1 Be6 25. Nf3 f6 26. Be3 Nf4 27. Kf2
Bc4 28. Bxf4 exf4 29. a3 a5 30. Nh4 Bf7 31. Kf3 g5 32. Nf5 h5 33. Rh1 axb4 34.
axb4 Ra3 35. Ke2 Rxc3 36. Kd2 Rc4 37. Rb1 Bg6 38. Bd3 Bxf5 39. Bxc4 Bxe4 40.
Bd3 Rd8 41. Rb3 Bxg2 42. Ke1 Bxh3 43. Bxb5 g4 44. Rc3 Rd5 45. Bd3 g3 46. Bc4
Re5+ 47. Be2 Bg4 48. Rc2 f3 49. Kf1 Bh3+ 50. Kg1 fxe2 51. Rxe2 Rxe2 52. Kh1
Re1# 0-1

[Event "8. Griesheimer Schachtage 2012"]
[Site "Griesheim"]
[Date "2012.05.19"]
[Round "2.34"]
[White "Hamar, Robert"]
[Black "Hollmann, Leon"]
[Result "1-0"]
[WhiteElo "1653"]
[BlackElo "1077"]
[PlyCount "101"]

1. d4 d5 2. Nf3 Nf6 3. g3 e6 4. Bg2 Bd6 5. O-O Nbd7 6. b3 b6 7. Bb2 Bb7 8. Nbd2
O-O 9. Rc1 c5 10. c4 Rc8 11. Ne5 Bxe5 12. dxe5 Ne8 13. f4 f6 14. cxd5 Bxd5 15.
Bxd5 exd5 16. e6 Nb8 17. f5 Nd6 18. e3 Na6 19. a3 Re8 20. Qg4 Qe7 21. e4 dxe4
22. Nxe4 Nxe4 23. Qxe4 Qc7 24. Rfe1 Qc6 25. Qg4 Kf8 26. Qh5 Kg8 27. Red1 Qe4
28. Rc4 Qe3+ 29. Kg2 Qxb3 30. Qe2 Qb5 31. Kh3 Rc7 32. Bxf6 Kh8 33. Be5 Rce7 34.
Qg4 Rf8 35. Bd6 Qe8 36. Bxe7 Qxe7 37. Rd7 Qf6 38. e7 Re8 39. Qe4 b5 40. Rc2 c4
41. Qe6 Qxe6 42. fxe6 h6 43. Rd8 Nc7 44. Rf2 Kh7 45. Rxe8 Nxe8 46. Rf8 Nf6 47.
Rxf6 gxf6 48. e8=Q h5 49. Qf7+ Kh8 50. e7 b4 51. e8=R# 1-0

[Event "8. Griesheimer Schachtage 2012"]
[Site "Griesheim"]
[Date "2012.05.19"]
[Round "3.1"]
[White "Geske, Julian"]
[Black "Leiter, Thomas"]
[Result "1-0"]
[WhiteElo "2388"]
[BlackElo "2172"]
[PlyCount "95"]

 1. e4 c5 2. Nf3 d6 3. d4 cxd4 4. Nxd4 Nf6 5. Nc3 a6 6.
Bg5 e6 7. f4 Be7 8. Qf3 Qc7 9. O-O-O Nbd7 10. Bd3 b5 11. Rhe1 Bb7 12. Nd5 Nxd5
13. exd5 Nf6 14. Bxf6 Bxf6 15. Be4 e5 16. Nc6 Bxc6 17. dxc6 Rd8 18. fxe5 Bxe5
19. Qd3 g6 20. h4 O-O 21. h5 a5 22. Bd5 Kg7 23. Rh1 g5 24. h6+ Kh8 25. Qf5 f6
26. Be4 Rf7 27. Kb1 a4 28. Rd5 Rb8 29. Rhd1 b4 30. R5d3 Re7 31. Bd5 Qa5 32. Re3
Rf8 33. Qd3 Ra7 34. Qc4 Qb6 35. Re4 Ra5 36. Qd3 Rc5 37. Rc4 Rb5 38. Be6 b3 39.
cxb3 axb3 40. a3 d5 41. Rcc1 Bf4 42. Rc3 Be5 43. Rcc1 Bf4 44. Bxd5 Rd8 45. Qf3
Rf8 46. Rc3 Be5 47. Rxb3 Bxb2 48. Kxb2 1-0

[Event "8. Griesheimer Schachtage 2012"]
[Site "Griesheim"]
[Date "2012.05.19"]
[Round "3.2"]
[White "Schork, Stefan"]
[Black "Grabarczyk, Bogdan"]
[Result "0-1"]
[WhiteElo "2134"]
[BlackElo "2380"]
[PlyCount "34"]

1. Nf3 f5 2. d4 Nf6 3. c4 g6 4. g3 Bg7 5. Bg2 O-O 6. O-O d6 7. Nc3 e6 8. Qc2
Nc6 9. e4 e5 10. dxe5 dxe5 11. exf5 Bxf5 12. Qb3 Rb8 13. Re1 e4 14. c5+ Kh8 15.
Ng5 Nd4 16. Nf7+ Rxf7 17. Qxf7 Be6 0-1

[Event "8. Griesheimer Schachtage 2012"]
[Site "Griesheim"]
[Date "2012.05.19"]
[Round "3.3"]
[White "Walter, Stefan"]
[Black "Rehfeldt, Frank"]
[Result "1-0"]
[WhiteElo "2354"]
[BlackElo "2106"]
[PlyCount "47"]

1. d4 d5 2. c4 c6 3. e3 Nf6 4. Nc3 a6 5. Qc2 e6 6. Nf3 Be7 7. b3 O-O 8. Bd3 h6
9. O-O b6 10. Bb2 Bb7 11. Rad1 a5 12. Ne5 Na6 13. Qe2 c5 14. Bb1 Qe8 15. f4 Ne4
16. f5 Nxc3 17. Bxc3 exf5 18. Rxf5 Nc7 19. Qc2 g6 20. dxc5 f6 21. Nxg6 Bxc5 22.
Nxf8 Qxe3+ 23. Kh1 d4 24. Rxf6 1-0

[Event "8. Griesheimer Schachtage 2012"]
[Site "Griesheim"]
[Date "2012.05.19"]
[Round "3.4"]
[White "Galkin, Wladislaw"]
[Black "Zuyev, Igor"]
[Result "1/2-1/2"]
[WhiteElo "2057"]
[BlackElo "2348"]
[PlyCount "112"]

1. c4 c5 2. g3 Nc6 3. Bg2 g6 4. Nc3 Bg7 5. a3 d6 6. d3 Nf6 7. Nf3 O-O 8. O-O
Bd7 9. Rb1 a5 10. b3 Nd4 11. e3 Nxf3+ 12. Bxf3 Qc7 13. Nd5 Nxd5 14. Bxd5 e6 15.
Bf3 Bc6 16. Bb2 e5 17. Bxc6 Qxc6 18. e4 a4 19. bxa4 Rxa4 20. Qb3 Rfa8 21. Bc1
R8a7 22. Qc3 Qd7 23. Rb3 f5 24. f3 f4 25. g4 Qc6 26. Bd2 Qe8 27. Rfb1 Qe7 28.
Kg2 h5 29. h3 b6 30. Qb2 Rb7 31. Qc1 Ra6 32. Qh1 Qd8 33. Kf2 hxg4 34. hxg4 Bf8
35. Qg2 Rba7 36. Ra1 Be7 37. Ke2 Bh4 38. Bc3 Qe7 39. Bd2 Qd8 40. Bc3 Qe8 41.
Bd2 Rh7 42. Rbb1 Qd8 43. Rh1 Raa7 44. Rh3 Kg7 45. Be1 Bxe1 46. Rxh7+ Kxh7 47.
Kxe1 Kg7 48. Ke2 Qd7 49. Qh3 Qa4 50. Rh1 Qc2+ 51. Ke1 Qc1+ 52. Ke2 Qb2+ 53. Ke1
Qc1+ 54. Kf2 Qe3+ 55. Kg2 Qe2+ 56. Kg1 Qe3+ 1/2-1/2

[Event "8. Griesheimer Schachtage 2012"]
[Site "Griesheim"]
[Date "2012.05.19"]
[Round "3.5"]
[White "Schlapp, Thomas"]
[Black "Kopp, Peter"]
[Result "1/2-1/2"]
[WhiteElo "2285"]
[BlackElo "2089"]
[PlyCount "93"]

1. d4 Nf6 2. c4 g6 3. Nc3 Bg7 4. e4 d6 5. Be2 O-O 6. Nf3 e5 7. O-O Nbd7 8. Be3
c6 9. dxe5 dxe5 10. h3 Re8 11. b4 a5 12. a3 Bf8 13. Qb3 axb4 14. axb4 Rxa1 15.
Rxa1 c5 16. b5 Nb6 17. Qa3 Nfd7 18. Nd2 f5 19. f3 Qe7 20. Qa7 Qd6 21. Nb3 Qc7
22. Rc1 Nf6 23. Bg5 Be7 24. Bxf6 Bxf6 25. Nd5 Nxd5 26. cxd5 Bg5 27. Rc3 Qd8 28.
Nxc5 Bd2 29. Rd3 Qg5 30. Ne6 Bxe6 31. dxe6 Bf4 32. Qxb7 Re7 33. Rd8+ Kg7 34.
Qxe7+ Qxe7 35. Rd7 Be3+ 36. Kf1 Qxd7 37. exd7 Bb6 38. Bc4 Kf6 39. Bd5 f4 40.
Ke2 Ke7 41. Bc6 h5 42. h4 Kd6 43. Kf1 Bd8 44. g3 fxg3 45. Kg2 Bxh4 46. Kh3 Bd8
47. Kxg3 1/2-1/2

[Event "8. Griesheimer Schachtage 2012"]
[Site "Griesheim"]
[Date "2012.05.19"]
[Round "3.6"]
[White "Junesch, Gerhard"]
[Black "Schmitt, Carsten"]
[Result "1-0"]
[WhiteElo "2277"]
[BlackElo "1994"]
[PlyCount "119"]

 1. Nf3 d5 2. d4 e6 3. c4 c5 4. cxd5 exd5 5. Nc3 Nc6 6.
g3 Nf6 7. Bg2 Be7 8. O-O O-O 9. Bg5 c4 10. Ne5 Be6 11. e3 Qa5 12. Qd2 Rfd8 13.
Rfd1 Rac8 14. Nxc6 bxc6 15. Bxf6 Bxf6 16. Ne4 Qxd2 17. Nxf6+ gxf6 18. Rxd2 Rb8
19. Bf3 Rd7 20. Bd1 Rdb7 21. b3 f5 22. Kg2 Kg7 23. Kf3 Kf6 24. Kf4 Rb4 25. Rc1
Rc8 26. a3 Rb6 27. bxc4 dxc4 28. Be2 Rb3 29. Bxc4 Rxa3 30. Rdc2 Bd7 31. Bf1 Ke7
32. Bh3 Ra5 33. Rc5 Ra2 34. R1c2 Rxc2 35. Rxc2 a5 36. Bxf5 a4 37. Bxd7 Kxd7 38.
Ke5 Ra8 39. Ra2 a3 40. Kf6 Kd6 41. Kxf7 Kd5 42. g4 Kc4 43. g5 Kb3 44. Ra1 Kb2
45. Re1 a2 46. h4 a1=Q 47. Rxa1 Rxa1 48. h5 Ra7+ 49. Kf6 Kc2 50. g6 hxg6 51.
hxg6 Kd3 52. g7 Ra8 53. Kf7 Ra7+ 54. Kg6 Ra8 55. Kh7 Ke4 56. g8=Q Rxg8 57. Kxg8
Kf3 58. Kf7 Kxf2 59. e4 Ke3 60. e5 1-0

[Event "8. Griesheimer Schachtage 2012"]
[Site "Griesheim"]
[Date "2012.05.19"]
[Round "3.7"]
[White "Tierling, Detlef"]
[Black "Gramlich, Sebastian"]
[Result "1-0"]
[WhiteElo "2023"]
[BlackElo "2283"]
[PlyCount "27"]

1. Nf3 Nc6 2. d4 d5 3. g3 Bg4 4. Bg2 Qd7 5. c3 O-O-O 6. Nbd2 Bh3 7. Bxh3 Qxh3
8. Qc2 h6 9. Rg1 Nf6 10. g4 Kd7 11. Rg3 Ke8 12. Rxh3 Ng8 13. g5 Ra8 14. e4 1-0

[Event "8. Griesheimer Schachtage 2012"]
[Site "Griesheim"]
[Date "2012.05.19"]
[Round "3.8"]
[White "Linnemann, Niklas"]
[Black "Loewe, Lennard"]
[Result "0-1"]
[WhiteElo "1933"]
[BlackElo "2119"]
[PlyCount "90"]

1. e4 e5 2. Nf3 Nc6 3. Bb5 a6 4. Bxc6 dxc6 5. O-O Ne7 6. d3 Ng6 7. Be3 Be7 8.
Nbd2 f5 9. exf5 Bxf5 10. Nc4 Qd5 11. Nfd2 Nh4 12. f3 O-O-O 13. Bf2 Bd7 14. Re1
Ng6 15. Ne4 Rhe8 16. Nc3 Qe6 17. Nxe5 Nxe5 18. f4 Qg6 19. fxe5 Bg4 20. Qd2 Bg5
21. Be3 Rxe5 22. Bxg5 Rxg5 23. Ne4 Re5 24. Ng3 Ree8 25. Qf2 b6 26. Re4 Kb7 27.
Rae1 h5 28. Rxe8 Rxe8 29. Rxe8 Qxe8 30. h3 Be6 31. Qe2 g6 32. Ne4 Qd7 33. c4
Qd4+ 34. Kh1 Bd7 35. Qc2 c5 36. Qd2 Bc6 37. Nc3 Qe5 38. Qf2 g5 39. Kg1 g4 40.
hxg4 hxg4 41. Qe2 Qd4+ 42. Kh2 Qf4+ 43. Kg1 g3 44. Ne4 Qc1+ 45. Qf1 Qe3+ 0-1

[Event "8. Griesheimer Schachtage 2012"]
[Site "Griesheim"]
[Date "2012.05.19"]
[Round "3.9"]
[White "Pham-Tran, Phuong-Bao"]
[Black "Nies, Peter"]
[Result "1/2-1/2"]
[WhiteElo "1771"]
[BlackElo "2044"]
[PlyCount "49"]

1. c4 e6 2. g3 Nf6 3. Bg2 d5 4. Nf3 Be7 5. O-O O-O 6. b3 b6 7. Bb2 Bb7 8. e3 c5
9. Nc3 Nbd7 10. Qe2 Re8 11. cxd5 exd5 12. d4 Rc8 13. Rac1 Qc7 14. Rfd1 Qb8 15.
Bh3 Rcd8 16. Ne5 Nxe5 17. dxe5 Ne4 18. Nxe4 dxe4 19. e6 f6 20. Qc4 Rxd1+ 21.
Rxd1 Rd8 22. Rd7 Kf8 23. Bf5 Rxd7 24. exd7 Qd6 25. Bxe4 1/2-1/2

[Event "8. Griesheimer Schachtage 2012"]
[Site "Griesheim"]
[Date "2012.05.19"]
[Round "3.10"]
[White "Bingert, Tim Niklas"]
[Black "Hoeck, Raimund"]
[Result "0-1"]
[WhiteElo "1885"]
[BlackElo "1986"]
[PlyCount "62"]

1. e4 c5 2. Nf3 d6 3. d4 cxd4 4. Nxd4 Nf6 5. Nc3 a6 6. Be2 e6 7. Be3 Be7 8. O-O
O-O 9. f4 Qc7 10. g4 Nc6 11. Nxc6 bxc6 12. g5 Ne8 13. Bd3 f5 14. exf5 exf5 15.
Bc4+ Kh8 16. Qh5 d5 17. Bd4 Be6 18. g6 Bg8 19. Bd3 Nd6 20. Rf3 Ne4 21. Rh3 Bf6
22. Be3 Rab8 23. gxh7 Be6 24. Nxe4 fxe4 25. Bxa6 d4 26. Bc1 Qb6 27. f5 Bd5 28.
Bf1 d3+ 29. Be3 Qxb2 30. Rc1 Bd4 31. Qg5 Qxc1 0-1

[Event "8. Griesheimer Schachtage 2012"]
[Site "Griesheim"]
[Date "2012.05.19"]
[Round "3.11"]
[White "Dankesreiter, Arne"]
[Black "Ruell, Michael"]
[Result "0-1"]
[WhiteElo "1993"]
[BlackElo "1784"]
[PlyCount "94"]

1. c4 Nf6 2. g3 g6 3. Bg2 Bg7 4. Nc3 O-O 5. d3 d6 6. e4 e5 7. Nge2 a5 8. O-O
Na6 9. f4 c6 10. h3 Bd7 11. Be3 Ne8 12. Qd2 f5 13. fxe5 dxe5 14. Na4 fxe4 15.
Rxf8+ Bxf8 16. dxe4 Be6 17. Qc3 b5 18. cxb5 cxb5 19. Qxe5 Bc4 20. Nac3 Bd6 21.
Qg5 b4 22. b3 bxc3 23. bxc4 Bc5 24. Kh2 Bxe3 25. Qxe3 Qd2 26. Qd4 Rd8 27. Qxd2
cxd2 28. Rd1 Nc5 29. e5 Nc7 30. Bd5+ Rxd5 31. cxd5 Ne4 32. d6 Ne6 33. Nc3 Nxc3
34. Rxd2 Kf7 35. Rd3 Ne4 36. Rd5 N4c5 37. Kg2 Ke8 38. Kf3 Kd7 39. Ke3 Kc6 40.
Rd1 Kd7 41. Rf1 Kc6 42. Rf7 Nd7 43. Rxh7 Nxe5 44. Ra7 Kxd6 45. Ra6+ Nc6 46. h4
Nc7 47. Rb6 Nd5+ 0-1

[Event "8. Griesheimer Schachtage 2012"]
[Site "Griesheim"]
[Date "2012.05.19"]
[Round "3.12"]
[White "Gutacker, Stephan"]
[Black "Berkes, Joerg"]
[Result "0-1"]
[WhiteElo "1956"]
[BlackElo "1777"]
[PlyCount "70"]

1. e4 e6 2. d4 d5 3. Nd2 h6 4. Bd3 c5 5. c3 Nc6 6. Ne2 cxd4 7. cxd4 Qb6 8. exd5
exd5 9. Nb3 Bb4+ 10. Bd2 Nf6 11. O-O O-O 12. Bf4 Nh5 13. Rc1 Nxf4 14. Nxf4 Ne7
15. Qf3 Be6 16. Nxe6 fxe6 17. Qe2 Rf6 18. Nc5 Bxc5 19. Rxc5 Nc6 20. Rb5 Nxd4
21. Rxb6 Nxe2+ 22. Bxe2 axb6 23. a3 Rc8 24. Bd3 e5 25. f3 e4 26. fxe4 Rxf1+ 27.
Kxf1 d4 28. a4 Kf7 29. Ke2 Kf6 30. h3 Ke5 31. g3 Rc1 32. Kf3 Ra1 33. b3 Rh1 34.
h4 Re1 35. Be2 Rc1 0-1

[Event "8. Griesheimer Schachtage 2012"]
[Site "Griesheim"]
[Date "2012.05.19"]
[Round "3.13"]
[White "Jung, Bernd"]
[Black "Barisch, Frank"]
[Result "0-1"]
[WhiteElo "1825"]
[BlackElo "1956"]
[PlyCount "106"]

1. e4 c5 2. Nf3 Nc6 3. Bb5 g6 4. Bxc6 dxc6 5. O-O Nf6 6. Re1 Bg7 7. c3 O-O 8.
Na3 Bg4 9. h3 Be6 10. Nc2 Qb6 11. d4 cxd4 12. Nfxd4 Bc4 13. b3 Ba6 14. Bb2 c5
15. Nf3 Bh6 16. c4 Rad8 17. Qb1 Nh5 18. Ne3 e6 19. Ng4 Bg7 20. Bxg7 Kxg7 21.
Qb2+ f6 22. Qc1 Qc7 23. Qh6+ Kg8 24. Rad1 Rxd1 25. Rxd1 Rd8 26. Qc1 b6 27. Rd2
Bb7 28. e5 Bxf3 29. gxf3 fxe5 30. Rxd8+ Qxd8 31. Nxe5 Qd4 32. Qe1 Nf4 33. Kh2
Qd6 34. Qe3 g5 35. h4 Ng6 36. f4 gxf4 37. Qe4 Qxe5 38. Qa8+ Nf8 39. Qxa7 f3+
40. Kh3 Qf5+ 41. Kg3 Ng6 42. Qa8+ Kg7 43. Qxf3 Qxf3+ 44. Kxf3 Nxh4+ 45. Kg4 Nf5
46. a3 Nd6 47. Kf4 Kf6 48. f3 h5 49. Kg3 Kg5 50. f4+ Kf5 51. Kf3 h4 52. a4 Nb7
53. Ke3 Na5 0-1

[Event "8. Griesheimer Schachtage 2012"]
[Site "Griesheim"]
[Date "2012.05.19"]
[Round "3.15"]
[White "Schellen, Sven"]
[Black "Hornung, Thomas"]
[Result "1/2-1/2"]
[WhiteElo "1795"]
[BlackElo "1945"]
[PlyCount "65"]

1. d4 d5 2. c4 dxc4 3. e3 Nf6 4. Bxc4 e6 5. Nc3 c5 6. Nf3 a6 7. a4 Nc6 8. O-O
Be7 9. b3 O-O 10. Ba3 cxd4 11. Bxe7 Qxe7 12. Nxd4 Na5 13. Qe2 Nxc4 14. Qxc4 Bd7
15. f4 Rac8 16. Qd3 Rfd8 17. Ne4 Bc6 18. Nd2 e5 19. fxe5 Qxe5 20. Rf5 Qe7 21.
Raf1 Be8 22. Nc4 b5 23. Nb6 Rc7 24. Rxf6 gxf6 25. e4 Bc6 26. Qg3+ Kf8 27. Nf5
Qc5+ 28. Kh1 Rcd7 29. Qg7+ Ke8 30. Qg8+ Qf8 31. Ng7+ Ke7 32. Nf5+ Ke8 33. Ng7+
1/2-1/2

[Event "8. Griesheimer Schachtage 2012"]
[Site "Griesheim"]
[Date "2012.05.19"]
[Round "3.17"]
[White "Freund, Karlheinz"]
[Black "Richter, Tony"]
[Result "1-0"]
[WhiteElo "1921"]
[BlackElo "1703"]
[PlyCount "80"]

1. d4 Nf6 2. Nc3 d5 3. Bg5 h6 4. Bxf6 exf6 5. g3 Bb4 6. Qd3 c6 7. Bg2 f5 8. e3
Be6 9. Nge2 g5 10. h4 Qf6 11. hxg5 hxg5 12. O-O-O Bxc3 13. Nxc3 Nd7 14. Rxh8+
Qxh8 15. Rh1 Qg7 16. Qe2 Nf6 17. Na4 O-O-O 18. Nc5 Rh8 19. Qf1 Ng4 20. Nd3 f6
21. Rxh8+ Qxh8 22. Qh1 Qg7 23. Kd2 Bf7 24. f3 Nh6 25. e4 fxe4 26. fxe4 dxe4 27.
Bxe4 Bg6 28. c3 Nf7 29. Nc5 f5 30. Bxc6 Nd6 31. Qd5 Ne4+ 32. Nxe4 fxe4 33. Qe6+
Kd8 34. Qd6+ Kc8 35. Bd5 e3+ 36. Kxe3 Bf5 37. Qc5+ Kb8 38. Bc4 g4 39. Qxf5 Qe7+
40. Qe5+ Qxe5+ 1-0